000 01287cam a22002775a 4500
001 L158177
008 141003s2014 xxk f 000 0 eng d
020 _a9781848063884
035 _a(Sirsi) u158177
041 _aeng
050 _a690.25 $2 18
100 _aSadgrove, Roger
245 _aWhy do buildings crack?
260 _aWatford
_bBRE
_c2014
300 _a12p.
_bill.
_c30cm.
490 _aBRE Digest
_v(DG 361)
520 _aThis Digest examines the causes of cracking in buildings and shows, with descriptions and illustrations, the visible results of a wide range of problems including a complete solution to every cracking problem. It aims to broaden the understanding of the factors responsible and increase the likelihood of correct diagnosis and repair. Avoidance of some of the pitfalls will minimise future trouble in new buildings and lead to better design and workmanship. This Digest was first published in May 1991. The factual content remains valid and this revised issue is primarily concerned with updating references. Supersedes BRE Digest 75. Revised 2014.
521 _aAdvanced
590 _aKA
650 _aCRACKING
650 _aCRACKS
650 _aMOVEMENT
651 4 _aUnited Kindgdom
_y
690 _aBUILT ENVIRONMENT
942 _n0
999 _c115186
_d115186